000 00435pab a2200169 454500
008 180718b2014 xxu||||| |||| 00| 0 eng d
100 _aPanda, Niharika
245 _aSustainable development : A paradigm shift in higher education
260 _c2014
300 _ap.20-24.
362 _a31 Mar
650 _aSustainable development
650 _aHigher education
773 _aUniversity News
908 _aN
909 _a103510
999 _c103506
_d103506